00485nam a2200205Ia 4500008004100000020001800041050001400059100001900073245002400092245001900116245001900135260001500154260001600169260000900185300001500194300002700209300001000236440002500246500000800271170918s9999 xx 000 0 und d a9780516277325 bT473 2003 aThompson, Luke aNatural disasters : bforest fires / cLuke Thompson. aNew York : bScholastic, c2003 a48 pages : bcolored illustration ; c22cm. aHigh interest books. a480